00482 2200169 4500001002100000008004100021035002000062245006700082100002500149260004200174300002100216020002200237084001400259082000800273650002000281990001100301INLIS000000000001203 Ind  a0010-0226001203 aKreasi kolase, montase, mozaik sederhanacSyakir Muharrar, dkk aMuharrar, Syakir dkk aJakarta :bEsensi Erlangga Grupc2013 a109 hlm.c21 cm. a978-602-7596-51-1 a500 SYA k a500 aIlmu-ilmu Murni aP/3792